00536cam a22001812 4500001001100000005001700011008004100028020001700069040001500086100003400101245007000135250001200205260004100217300002800258650003400286650003100320852000300351000002487020151217155237.0140320s xx 000 0 eng d a0321602617 : aKABUcKABU1 aMarieb, Elaine N.@000018512110aHuman anatomy and physiology /cElaine N. Marieb and Katja Hoehn. a8th ed. aNew York :bBenjamin Cumming,c2010. a1 v. (various pagings). 0aHuman physiology.@0000155597 0aHuman anatomy.@00001555981